000 01203nam0a2200349 4500
001 RU\NLR\bibl\145954
005 20260406002618.0
010 _a5-8142-0029-4
_95000
021 _aRU
_b2000-48573
_92235
035 _a(NLR Aleph) 000143008
090 _a819076
_c819076
100 _a20010320d2000 |||y0rusy50 ca
101 0 _arus
_aeng
102 _aRU
105 _aa |||||||||
200 1 _aАнглийский язык для начинающих
_fЛ. Левченко
205 _a2-е изд., перераб. и доп.
210 _aСПб.
_cВалери СПД
_d2000
215 _a270,[1] с.
_cил.
_d24
606 0 _aАнглийский язык
_jУчебные издания
_9972309
_3RU\NLR\auth\6646032
610 0 _aАнглийский язык
675 _a811.111(075.4)
_v3
_zrus
686 _a81.2Англ-9
_2rubbk
686 _aШ143.21-93рус21[1/2]
686 _aШ143.21-93рус8
700 1 _4070
_8rus
_7ca
_aЛевченко
_bЛ. В.
_gЛидия Васильевна
_3RU\NLR\auth\77112151
_995076
801 0 _aRU
_bRKP
_c20010320
_gPSBO
801 1 _aRU
_bRKP
_c20010320
801 2 _aRU
_bNLR
_c20120521
_grcr
942 _cBOOK
980 _aNB